000 00522nam a22002177a 4500
003 UA-OsUOA
001 65849
007 ta
008 20091211b un ||||| |||| 00| 0 ukr d
090 _a75(477)
_bМ59
942 _cBK
040 _aUA-OsUOA
_bukr
_cUA-OsUOA
_dUA-OsUOA
245 _aВолодимир Микита
_cЮрченко-Микита О.
300 _a208 с.
955 _a2
041 _aukr
080 _a75(477)
020 _a966-96256-9-6
650 7 _a75 Живопис
_2UDC
999 _c352348
_d352348